| 000 | 00455nam a22001697a 4500 | ||
|---|---|---|---|
| 999 |
_c164748 _d164748 |
||
| 005 | 20190525165057.0 | ||
| 010 | _aB-088311 | ||
| 020 | _a8187879009 | ||
| 035 | _aB-088311 | ||
| 037 | _bAakar Publication | ||
| 082 | _a954 | ||
| 100 | _aBouton, Marashall | ||
| 245 |
_aIndia Briefing / _cMarshall Bouton |
||
| 260 |
_aDelhi _bAakar Publication _c2001 |
||
| 300 |
_a324p (it inculde index) _c24cm (hbk) |
||
| 942 |
_2ddc _cEN _h954 _mIND |
||